000 00492nam a2200181Ia 4500
005 20230721120447.0
008 230524s9999 xx 000 0 und d
082 _a621.382
_bDOU
100 _aDouglas E.Comer
245 0 _aInternetworking with TCP/IP Vol. III , (Client-Server Programming and Applications)
250 _a2ND
260 _aNEW DELHI
_bPHI
_c2004
300 _aXXVI;519
500 _aQuantity Number: 2
650 _aComp-Sc
700 _a David L.Stevens
942 _cBK
999 _c14577
_d14577